000 00580nam a2200193 i 4500
001 51139
003 ES-MaACL
005 20230906162315.0
007 t|
008 030811s1969 sp ||||1| spa d
100 1 _aChao Espina, Enrique.
_937996
245 1 0 _aPáginas vivarienses /
_cpor E. Chao Espina.
260 _aLa Coruña :
_b[s.n.],
_c1969.
300 _a67 p., 1 lám. :
_bil. ;
_c23 cm.
500 _aObra formada con varia separatas.
651 4 _aViveiro-
_vMisceláneas.
_9149982
852 _aES-MaACL
_jC-39354
_bR.74801
852 _aES-MaACL
_jC-46725
_bR.69959
999 _c51139
_d51139